Temas de derecho de familia
I tiakina i:
| Kaituhi matua: | |
|---|---|
| Hōputu: | Pukapuka |
| Reo: | Pāniora |
| I whakaputaina: |
Santiago
Metropolitana
2007
|
| Ngā marau: | |
| Ngā Tūtohu: |
Tāpirihia he Tūtohu
Kāore He Tūtohu, Me noho koe te mea tuatahi ki te tūtohu i tēnei pūkete!
|
MARC
| LEADER | 00000nam a2200000 a 4500 | ||
|---|---|---|---|
| 001 | UCI1805 | ||
| 003 | CL-VaPUC | ||
| 008 | 070720e20070000CL |||||||||||||||||spa|d | ||
| 020 | |a 9562860701 | ||
| 082 | 0 | 4 | |a 346.015 |b ORR |2 21 |
| 100 | |a Orrego Acuña, Juan Andrés |e autor |9 482626 | ||
| 245 | 1 | 0 | |a Temas de derecho de familia |
| 300 | |a 452 p | ||
| 942 | |c BK | ||
| 945 | |d 20070720 00:00:00 |a rbrito | ||
| 260 | |a Santiago |b Metropolitana |c 2007 | ||
| 650 | 0 | |a Derecho de familia |9 255603 | |
| 650 | 7 | |a MATRIMONIO |2 CL-VaPUC |9 522527 | |
| 650 | 7 | |a SEPARACION |2 CL-VaPUC |9 328671 | |
| 650 | 0 | |a Matrimonio civil |9 385406 | |
| 650 | 0 | |a Derechos del niño |9 258728 | |
| 650 | 0 | |a Divorcio |9 256204 | |
| 650 | 7 | |a BIENES GANANCIALES |2 CL-VaPUC |9 333667 | |
| 650 | 0 | |a Violencia intrafamiliar |9 312986 | |
| 583 | |a last modification |c 20070720 00:00:00 |k Rodrigo Vera | ||
| 999 | |c 326540 |d 326538 | ||
| 952 | |0 0 |1 0 |4 0 |6 346_015000000000000_ORR_2007 |7 0 |8 A |9 408464 |a BIBDER |b BIBDER |d 2019-11-22 |i 4355512 |l 4 |o 346.015 ORR 2007 |p 4355512 |r 2024-06-25 |s 2024-06-25 |w 2019-11-22 |y BK |k DER | ||